000 01591 a2200229 4500
005 20080901141750.0
008 080901t xxu||||| |||| 00| 0 hin d
010 _aHIN-82808
020 _c200.00
_a8182233151
035 _aHN-55154
037 _bपु.प्र.अ.प्र/प्रका
082 _a423.8
100 _aजुबैर अहमद भागलपुरी
245 _aतकनीकी हिन्दी- अँग्रेजी- उर्दू डिक्शनरी /
_cजुबैर अहमद भागलपुरी
246 _aTakniki Hindi- English-Urdu Dictionary
_bby Zubair Ahmad Bhagalpuri
260 _aदिल्ली
_bऐजुकेशनल पब्लिशिंग हाउस
_c2007
270 _a3108, गली वाकिल कूचा पंडित, लाल कुआ
_bदिल्ली
_e110006
_k23216162, 23214465
_l0091- 011- 23211540
_minfo@ephbooks.com, ephdelhi@yahoo.com
300 _a272पृ
_c22 सेमी (सजिल्द)
500 _aभारतीय उपमहाद्वीप का प्रथम पारिभाषिक हिन्दी-अंग्रेजी-उर्दू शब्दकोश, प्रचलित नवीनतम शब्दावली के साथ
942 _adpl
_cHN
_k423.8 / जुबैर
_2ddc
_h423.8
_mजुबैर
999 _c11079
_d11079